Things found...in a Library! - Statistics

General Stats
  • This quiz has been taken 206 times
  • The average score is 7 of 15
Answer Stats
Hint Answer % Correct
B Books
99%
L Librarian
77%
C Computer
75%
T Table and Chairs
67%
B Bookcase (Bookshelf)
60%
Q (S) Quiet (Silence)
42%
N Newspapers
39%
P Photocopier (Printer)
35%
M Music
34%
S Students
33%
F Films
32%
P Prints
32%
G Games
26%
M Maps
25%
D Documents
21%
No matching quizzes found
Score Distribution
Percent of People with Each Score
Percentile by Number Answered
Your Score History
You have not taken this quiz